Govt. of
Madhya Pradesh

Normal view MARC view

Entry Uniform Title

Number of records used in: 0

001 - CONTROL NUMBER

  • control field: 80459

003 - CONTROL NUMBER IDENTIFIER

  • control field: OSt

005 - DATE AND TIME OF LATEST TRANSACTION

  • control field: 20201024150843.0

008 - FIXED-LENGTH DATA ELEMENTS

  • fixed length control field: 201024|| aca||aabn | a|a d

040 ## - CATALOGING SOURCE

  • Original cataloging agency: OSt
  • Transcribing agency: OSt

130 ## - HEADING--UNIFORM TITLE

  • Uniform title:
  • Form subdivision: http://192.168.1.52:8080/cgi-bin/koha/cataloguing/addbiblio.pl?frameworkcode=#tab9XX

670 ## - SOURCE DATA FOUND

  • Source citation: Work cat.: (OSt): राय, रामबहादुर 80458, हमारे बालासाहब देवरस , 2019